Daredevil Characters By Picture Quiz Stats

Quiz not verified by Sporcle

Challenge
Share
Tweet
Score 0/50 Timer 10:00
3 Plays Today
% Correct
Daredevil
99.5%
Kingpin (Wilson Fisk)
90.5%
Elektra
90.4%
Bullseye
84.4%
Foggy Nelson
78.7%
Spider-Man (Peter Parker)
69%
Karen Page
68.7%
The Punisher
68.4%
Black Widow (Natalia Romanov)
67.8%
Luke Cage
66.6%
Iron Fist
66.3%
Stick
63.2%
The Defenders
61.9%
The Avengers
61.4%
Jessica Jones
60%
The Hand
56.9%
Battlin' Jack Murdock
54.7%
Purple Man
53.1%
Stilt-Man
51.2%
Beetle
50.4%
White Tiger (Angela Del Toro)
49%
Ben Urich
48.2%
The Owl (Leland Owlsley)
47.3%
Matador
43.7%
Lady Bullseye
38.7%
% Correct
Jester
37.9%
Nuke (Frank Simpson)
34.7%
Night Nurse
33.6%
Typhoid Mary
31.4%
Gladiator (Melvin Potter)
29.9%
Echo
26.3%
The Enforcers
26.2%
Sister Maggie (Murdock)
25%
Mr. Hyde
24.8%
Kirigi
21.3%
Mister Fear
17.2%
Vanessa Fisk
16.9%
Bushwacker
11.8%
Claire Temple
11.3%
Machinesmith (Samuel Saxon)
10.9%
Milla Donovan
10.7%
Fixer (Roscoe Sweeney)
10.1%
Blake Tower
9.3%
Stone
8.1%
Death-Stalker
8%
Turk Barrett
7.5%
Jeryn Hogarth
6.4%
Star
4.6%
Bullet
4%
Masked Marauder
3.6%

You're not logged in!

Compare scores with friends on all Sporcle quizzes.
Sign Up with Email
OR
Log In

You Might Also Like...

Show Comments

Extras

Top Quizzes Today


Score Distribution

Your Account Isn't Verified!

In order to create a playlist on Sporcle, you need to verify the email address you used during registration. Go to your Sporcle Settings to finish the process.